000 00425nam a22001817a 4500
003 mut
005 20240606081314.0
008 171115b xxu||||| |||| 00| 0 eng d
020 _a0176017968
040 _cmut
050 _aQA39.2
_b.E264 1988
100 _aEbos, Frank
245 _aMath matters, book 4
260 _aCanada
_bNelson Canada
_cc1988
650 _aMathematics
700 _aZolis, Paul
942 _2lcc
_cBK
999 _c14517
_d14517